000
00309nam a22001337a 4500
008
170613b xxu||||| |||| 00| 0 eng d
020
_a
9780073043951
041
_a
eng
080
_2
11 ED
_a
323
100
_a
19
101
_a
SHP
245
_a
TAKING SIDES WORLD POLIRICS
_c
ROURKE.J.T
942
_2
udc
_c
BK
999
_c
17171
_d
17171